2026 UCI WorldTour Races (Men) - Statistics

General Stats
  • This quiz has been taken 22 times
  • The average score is 23 of 36
Answer Stats
Class Country Race % Correct
2.UWT 🇪🇸 La Vuelta Ciclista a España
94%
1.UWT 🇫🇷 Paris-Roubaix
94%
1.UWT 🇧🇪 Ronde van Vlaanderen
94%
2.UWT 🇫🇷 Tour de France
94%
2.UWT 🇫🇷 Paris-Nice
89%
2.UWT 🇮🇹 Giro d'Italia
83%
1.UWT 🇮🇹 Milano-Sanremo
83%
2.UWT 🇦🇺 Tour Down Under
83%
2.UWT 🇦🇪 UAE Tour
83%
1.UWT 🇮🇹 Il Lombardia
78%
1.UWT 🇮🇹 Strade Bianche
78%
1.UWT 🇳🇱 Amstel Gold Race
72%
1.UWT 🇧🇪 In Flanders Fields
72%
1.UWT 🇧🇪 Liège-Bastogne-Liège
72%
2.UWT 🇮🇹 Tirreno-Adriatico
72%
2.UWT 🇨🇭 Tour de Romandie
72%
2.UWT 🇨🇭 Tour de Suisse
72%
2.UWT 🇪🇸 Volta Ciclista a Catalunya
72%
2.UWT 🇫🇷 Tour Auvergne - Rhône-Alpes
67%
1.UWT 🇩🇰 Copenhagen Sprint
61%
1.UWT 🇧🇪 E3 Saxo Classic
61%
1.UWT 🇩🇪 Eschborn-Frankfurt
61%
2.UWT 🇪🇸 Itzulia Basque Country
56%
1.UWT 🇧🇪 Omloop Nieuwsblad
56%
1.UWT 🇦🇺 Cadel Evans Great Ocean Road Race
50%
1.UWT 🇧🇪 Dwars door Vlaanderen
50%
2.UWT 🇵🇱 Tour de Pologne
50%
1.UWT 🇧🇪 La Flèche Wallonne
44%
2.UWT 🇧🇪 Renewi Tour
44%
2.UWT 🇨🇳 Tour of Guangxi
44%
1.UWT 🇩🇪 Cyclassics
39%
1.UWT 🇧🇪 Ronde van Brugge
39%
1.UWT 🇪🇸 Donostia San Sebastian Klasikoa
33%
1.UWT 🇨🇦 Grand Prix Cycliste de Montréal
33%
1.UWT 🇨🇦 Grand Prix Cycliste de Québec
33%
1.UWT 🇫🇷 Bretagne Classic
28%
No matching quizzes found
Score Distribution
Percent of People with Each Score
Percentile by Number Answered
Your Score History
You have not taken this quiz